[Event "BCF-chT2 0001 (4NCL)"]
[Site "Birmingham"]
[Date "2000.11.26"]
[Round "4.7"]
[White "Pearce, Robin J"]
[Black "James, Dale R"]
[Result "0-1"]
[WhiteElo "2161"]
[BlackElo "2202"]
[PlyCount "50"]
[EventDate "2000.11.26"]
[EventType "team"]
[EventRounds "11"]
[EventCountry "ENG"]
[SourceTitle "CBM 079 Extra"]
[Source "ChessBase"]
[SourceDate "2001.01.11"]
[SourceVersion "2"]
[SourceVersionDate "2001.01.25"]
[SourceQuality "1"]
[WhiteTeam "Kigns Head"]
[BlackTeam "NW Eagles"]
[WhiteTeamCountry "ENG"]
[BlackTeamCountry "ENG"]

1. Nf3 c5 2. c4 Nc6 3. g3 g6 4. Bg2 Bg7 5. Nc3 e6 6. a3 d5 7. 0-0 Nge7 8. Rb1 0-0 9. b4 cxb4 10. axb4 dxc4 11. b5 Na5 12. Ba3 Re8 13. Ne4 Nd5 14. Nd6 Bf8 15. Nxe8 Bxa3 16. Qa4 Be7 17. Ne5 Nb3 18. Nxc4 Nc5 19. Qa2 Qxe8 20. e4 Nc7 21. d4 Nd7 22. d5 Nb6 23. Nxb6 axb6 24. Qc4 Bc5 25. Rfd1 Bd7 0-1

[Event "Cannes op"]
[Site "Cannes"]
[Date "2000.02.23"]
[Round "4"]
[White "Henneteau, Jeremie"]
[Black "Pearce, Robin J"]
[Result "1-0"]
[WhiteElo "2091"]
[BlackElo "2147"]
[PlyCount "35"]
[EventDate "2000.02.20"]
[EventType "swiss"]
[EventRounds "9"]
[EventCountry "FRA"]
[SourceTitle "EXT 2001"]
[Source "ChessBase"]
[SourceDate "2000.11.22"]
[SourceVersion "1"]
[SourceVersionDate "2000.11.22"]
[SourceQuality "1"]

1. d4 e6 2. c4 Nf6 3. Nf3 b6 4. g3 Ba6 5. Qc2 Bb4+ 6. Bd2 Be7 7. Bg2 Bb7 8. Nc3 d5 9. cxd5 exd5 10. 0-0 0-0 11. Rac1 Nbd7 12. Bf4 c6 13. Ne5 Re8 14. e4 dxe4 15. Nxe4 Nxe4 16. Bxe4 Nf6 17. Bxc6 Rc8 18. Qb3 1-0

[Event "Cannes op"]
[Site "Cannes"]
[Date "2000.02.22"]
[Round "3"]
[White "Pearce, Robin J"]
[Black "Lamorelle, Yves"]
[Result "0-1"]
[WhiteElo "2147"]
[BlackElo "2250"]
[PlyCount "62"]
[EventDate "2000.02.20"]
[EventType "swiss"]
[EventRounds "9"]
[EventCountry "FRA"]
[SourceTitle "EXT 2001"]
[Source "ChessBase"]
[SourceDate "2000.11.22"]
[SourceVersion "1"]
[SourceVersionDate "2000.11.22"]
[SourceQuality "1"]

1. e4 e5 2. Nf3 Nc6 3. Bb5 a6 4. Bxc6 dxc6 5. 0-0 f6 6. d4 exd4 7. Nxd4 c5 8. Nb3 Qxd1 9. Rxd1 Bg4 10. f3 Be6 11. Be3 b6 12. Nc3 Bd6 13. f4 Ne7 14. Nd2 0-0-0 15. Nf3 Nc6 16. Rd2 Rhe8 17. Re1 b5 18. a4 b4 19. Nd1 Bf7 20. Nf2 Bg6 21. f5 Bf7 22. Red1 Na5 23. Re2 Nc4 24. Bc1 Ne5 25. Red2 Bh5 26. Nxe5 Bxd1 27. Nc6 Bxh2+ 28. Kxh2 Rxd2 29. Bxd2 Bxc2 30. Be3 Bxe4 31. Nxe4 Rxe4 0-1

[Event "Cannes op"]
[Site "Cannes"]
[Date "2000.02.20"]
[Round "1"]
[White "Pearce, Robin J"]
[Black "Milesi, Laurent"]
[Result "1-0"]
[WhiteElo "2147"]
[BlackElo "2147"]
[PlyCount "47"]
[EventDate "2000.02.20"]
[EventType "swiss"]
[EventRounds "9"]
[EventCountry "FRA"]
[SourceTitle "EXT 2001"]
[Source "ChessBase"]
[SourceDate "2000.11.22"]
[SourceVersion "1"]
[SourceVersionDate "2000.11.22"]
[SourceQuality "1"]

1. e4 c5 2. f4 d5 3. exd5 Nf6 4. c4 e6 5. dxe6 Bxe6 6. Nf3 Nc6 7. Nc3 Be7 8. Be2 0-0 9. 0-0 Qd7 10. d3 Rad8 11. Kh1 Bf5 12. Ne5 Qe6 13. g4 Nxe5 14. gxf5 Qc6+ 15. Nd5 Nxd5 16. fxe5 Nb4+ 17. Bf3 Qd7 18. f6 gxf6 19. Bh6 Kh8 20. Bxf8 Rxf8 21. Be4 Qh3 22. exf6 Bd6 23. Qe2 Nc6 24. Rg1 1-0

[Event "BCF-chT2 9900 (4NCL)"]
[Site "Birmingham"]
[Date "1999.10.09"]
[Round "1.4"]
[White "Hackett, David G"]
[Black "Pearce, Robin J"]
[Result "0-1"]
[WhiteElo "2193"]
[BlackElo "2147"]
[PlyCount "62"]
[EventDate "1999.10.??"]
[EventType "team"]
[EventRounds "11"]
[EventCountry "ENG"]
[SourceTitle "EXT 2001"]
[Source "ChessBase"]
[SourceDate "2000.11.22"]
[SourceVersion "1"]
[SourceVersionDate "2000.11.22"]
[SourceQuality "1"]
[WhiteTeam "Witney"]
[BlackTeam "Kings Head"]
[WhiteTeamCountry "ENG"]
[BlackTeamCountry "ENG"]

1. e4 c5 2. Nc3 e6 3. g3 Nc6 4. Bg2 a6 5. d3 g6 6. Be3 d6 7. f4 Bg7 8. Nf3 Nge7 9. 0-0 0-0 10. g4 f5 11. h3 Nd4 12. Rb1 e5 13. exf5 gxf5 14. g5 Ng6 15. Nd5 exf4 16. Nxf4 Re8 17. Nxd4 Rxe3 18. Bd5+ Kh8 19. Nde6 Bxe6 20. Nxe6 Rxe6 21. Bxe6 Qxg5+ 22. Kh1 Nf4 23. Qf3 Nxe6 24. Qxf5 Qh6 25. Rbe1 Ng5 26. Kg2 Rg8 27. Rf4 Nxh3 28. Rg4 Qd2+ 29. Kxh3 Qxe1 30. Qf3 Qe6 31. Kg2 Qxg4+ 0-1

[Event "BCF-chT2 9798 (4NCL)"]
[Site "England"]
[Date "1998.03.21"]
[Round "7.5"]
[White "Gilbert, Jonathan A"]
[Black "Pearce, Robin J"]
[Result "1/2-1/2"]
[WhiteElo "2110"]
[BlackElo "2072"]
[PlyCount "67"]
[EventDate "1997.11.??"]
[EventType "team"]
[EventRounds "11"]
[EventCountry "ENG"]
[SourceTitle "EXT 1999"]
[Source "ChessBase"]
[SourceDate "1998.11.16"]
[SourceVersion "1"]
[SourceVersionDate "1998.11.16"]
[SourceQuality "1"]
[WhiteTeam "Gwent Dragons"]
[BlackTeam "Kings Head"]
[WhiteTeamCountry "ENG"]
[BlackTeamCountry "ENG"]

1. e4 c5 2. Nc3 e6 3. Nf3 a6 4. d4 cxd4 5. Nxd4 Qc7 6. Bd3 Nc6 7. Nxc6 bxc6 8. 0-0 d5 9. Re1 d4 10. Ne2 c5 11. c3 dxc3 12. Nxc3 Bb7 13. Qe2 Ne7 14. Be3 Ng6 15. Rad1 Be7 16. Bc2 0-0 17. Qg4 Rfd8 18. f4 Rxd1 19. Rxd1 Rd8 20. Rxd8+ Qxd8 21. Qd1 Qxd1+ 22. Bxd1 Nf8 23. Ba4 Bc8 24. Kf2 Nd7 25. Bc6 Nb8 26. Ba8 Bd7 27. b3 Kf8 28. e5 Nc6 29. Na4 Nd4 30. Nb6 Bb5 31. Nc8 Nc2 32. Nxe7 Nxe3 33. Kxe3 Kxe7 34. Be4 1/2-1/2

[Event "BCF-chT 9697 (4NCL)"]
[Site "England"]
[Date "1997.??.??"]
[Round "9.5"]
[White "Franklin, Michael J"]
[Black "Pearce, Robin J"]
[Result "1/2-1/2"]
[WhiteElo "2255"]
[BlackElo "2080"]
[PlyCount "57"]
[EventDate "1996.10.??"]
[EventType "team"]
[EventRounds "12"]
[EventCountry "ENG"]
[SourceTitle "EXT 1999"]
[Source "ChessBase"]
[SourceDate "1998.11.16"]
[SourceVersion "1"]
[SourceVersionDate "1998.11.16"]
[SourceQuality "1"]
[WhiteTeam "Richmond"]
[BlackTeam "Na Fianna"]
[WhiteTeamCountry "ENG"]
[BlackTeamCountry "ENG"]

1. c4 c5 2. g3 g6 3. Bg2 Bg7 4. Nf3 Nf6 5. d3 0-0 6. 0-0 Nc6 7. Nbd2 b6 8. a3 Bb7 9. Rb1 d5 10. b3 Re8 11. Qc2 Qc7 12. Bb2 d4 13. b4 e5 14. Bc1 Nd8 15. bxc5 bxc5 16. Nb3 Ne6 17. Ng5 Bxg2 18. Kxg2 Rab8 19. f3 Nxg5 20. Bxg5 Nd7 21. Bd2 Bf6 22. Na5 Rb6 23. Rb5 Reb8 24. Rfb1 Be7 25. Qa4 Rxb5 26. Rxb5 Nb6 27. Qc2 Kg7 28. Qb1 Rc8 29. Rb2 1/2-1/2